Statistics for First 10 U.S. States Alphabetically

Click here to take the quiz!

General Stats

  • This quiz has been taken 37 times
  • The average score is 9 of 10

Answer Stats

State % Correct
Alabama
100%
Arkansas
94%
Delaware
94%
Alaska
91%
Connecticut
91%
Colorado
88%
Florida
79%
Arizona
76%
California
74%
Georgia
71%

Score Distribution

Percentile by Number Answered

Percent of People with Each Score

Your Score History

You have not taken this quiz